| 000 | 00322nam a22001337a 4500 | ||
|---|---|---|---|
| 020 | _a9780486435015 | ||
| 082 |
_a530.15 _bBIT/MA |
||
| 100 |
_aBitter, Francis _91084 |
||
| 245 | _aMathematical physics | ||
| 260 |
_aNew York _bDover publications inc _c2004 |
||
| 300 | _a188 | ||
| 700 |
_aCrook, Kenneth _91085 |
||
| 942 | _cBK | ||
| 999 |
_c14622 _d14622 |
||